00506nam a2200193 a 4500001001300000003000900013005001700022008004100039020001000080082001300090100002100103245005800124260003300182300000900215500003500224505001000259650002200269700002100291nice12345678IN_TiNIC20260116012200.0050524s1888 edia grp 000 0 eng  ac10000a226bBRU aBruce, A Balmain aTeaching of the Twelveb Passages Out of the Gospels. aEdinburghbT & T Clarkc1888 a531p aincludes index and biblioraphy2 aIndex aBible N.T. Gospel1 aBruce, A Balmain